Catalog

Record Details

Catalog Search



Srdce Ježíšovo, srdce plné lásky : o pravém smyslu pobožnosti Srdce Ježíšova  Cover Image Book Book

Srdce Ježíšovo, srdce plné lásky : o pravém smyslu pobožnosti Srdce Ježíšova / Jean Ladame ; [z francouzštiny přeložila Helena Webrová]

Ladame, Jean, 1918-2000 (Author). Webrová, Helena (Translator). Holstein, Henri (Author of introduction, etc.).

Record details

  • ISBN: 80-7192-063-0
  • Physical Description: 167 s. ; 20 cm
  • Edition: Vyd. 1.
  • Publisher: Kostelní Vydří : Karmelitánské nakladatelství, 1996

Content descriptions

General Note:
5000 výt.
Předml. Henri Holstein
Subject: katolické pobožnosti > 17.-20. století
Srdce Ježíše
katolická mystika > 17.-20. století
Genre: pojednání

Available copies

  • 1 of 1 copy available at Common Catalog SPOK.

Holds

  • 0 current holds with 1 total copy.
Show All Copies
Location Call Number / Copy Notes Barcode Shelving Location Status Due Date
Jabok Library ST-3.9 424480009153 Odborná literatura Available -

LDR 01540nam a2200433 a 4500
00112345
003CZ-PrJAB
00520161129141655.0
007tu
008960826s1996 xr e 000 0dcze
015 . ‡acnb000137325
020 . ‡a80-7192-063-0 ‡q(brož.) : ‡cKč 100,00
035 . ‡a(CZ PrNK)cpk19960137325
035 . ‡a(OCoLC)38296347
040 . ‡aABA001 ‡bcze
0411 . ‡acze ‡hfre
045 . ‡au7x9
072 7. ‡a27-5 ‡xLiturgie. Křesťanské umění a symbolika. Duchovní život ‡2Konspekt ‡95
080 . ‡a272-532.3/.4 ‡2MRF
080 . ‡a27-31-138-526.7 ‡2MRF
080 . ‡a272-587 ‡2MRF
080 . ‡a(049) ‡2MRF
1001 . ‡aLadame, Jean, ‡d1918-2000 ‡7uk2010485720 ‡4aut
24010. ‡aCe Coeur si passionné-. ‡lČesky
24510. ‡aSrdce Ježíšovo, srdce plné lásky : ‡bo pravém smyslu pobožnosti Srdce Ježíšova / ‡cJean Ladame ; [z francouzštiny přeložila Helena Webrová]
250 . ‡aVyd. 1.
260 . ‡aKostelní Vydří : ‡bKarmelitánské nakladatelství, ‡c1996
300 . ‡a167 s. ; ‡c20 cm
500 . ‡a5000 výt.
500 . ‡aPředml. Henri Holstein
648 7. ‡a17.-20. století ‡7ch757026 ‡2czenas
65007. ‡akatolické pobožnosti ‡7ph121534 ‡y17.-20. století ‡2czenas
65007. ‡aSrdce Ježíše ‡7ph118099 ‡2czenas
65007. ‡akatolická mystika ‡7ph121530 ‡y17.-20. století ‡2czenas
655 7. ‡apojednání ‡7fd133056 ‡2czenas
7001 . ‡aWebrová, Helena ‡7jx20050627044 ‡4trl
7001 . ‡aHolstein, Henri ‡4aui
910 . ‡aABG312
901 . ‡a12345 ‡bUnknown ‡c12345 ‡tbiblio

Additional Resources